Les contradictions d'un outil de reporting et les malaises des acheteurs dans une société pharmaceutique (notice n° 2224935)
[ vue normale ]
| 000 -LEADER | |
|---|---|
| fixed length control field | 01089cam a2200169 4500500 |
| 005 - DATE AND TIME OF LATEST TRANSACTION | |
| control field | 20260426014352.0 |
| 041 ## - LANGUAGE CODE | |
| Language code of text/sound track or separate title | fre |
| 042 ## - AUTHENTICATION CODE | |
| Authentication code | dc |
| 100 10 - MAIN ENTRY--PERSONAL NAME | |
| Personal name | Le Gall, Thomas |
| Relator term | author |
| 245 00 - TITLE STATEMENT | |
| Title | Les contradictions d'un outil de reporting et les malaises des acheteurs dans une société pharmaceutique |
| 260 ## - PUBLICATION, DISTRIBUTION, ETC. | |
| Date of publication, distribution, etc. | 2005.<br/> |
| 500 ## - GENERAL NOTE | |
| General note | 85 |
| 520 ## - SUMMARY, ETC. | |
| Summary, etc. | RésuméÀ partir d’une participation à la mise en place d’un outil de reporting, les auteurs analysent de façon originale les résistances observées. Les dirigeants de la société pharmaceutique en question ont voulu faire de cet outil de reporting, un outil de contrôle du groupe des acheteurs, qu’ils jugeaient avoir une position stratégique trop forte. Mais au final, c’est à une négation de leur spécificité de métier et de leur engagement antérieur que l’outil aboutit. |
| 700 10 - ADDED ENTRY--PERSONAL NAME | |
| Personal name | Ruffault, Gaëtan |
| Relator term | author |
| 786 0# - DATA SOURCE ENTRY | |
| Note | Sociologies pratiques | 10 | 1 | 2005-03-01 | p. 35-43 | 1235-9278 |
| 856 41 - ELECTRONIC LOCATION AND ACCESS | |
| Uniform Resource Identifier | <a href="https://shs.cairn.info/revue-sociologies-pratiques-2005-1-page-35?lang=fr&redirect-ssocas=7080">https://shs.cairn.info/revue-sociologies-pratiques-2005-1-page-35?lang=fr&redirect-ssocas=7080</a> |
Pas d'exemplaire disponible.




Réseaux sociaux